|
|
|
|
| LEADER |
00000naa2a2200000 4500 |
| 001 |
86316 |
| 005 |
20231031101528.0 |
| 035 |
|
|
|a (RuTPU)RU\TPU\book\92708
|
| 090 |
|
|
|a 86316
|
| 100 |
|
|
|a 20051124d2002 k y0rusy50 ca
|
| 101 |
0 |
|
|a rus
|
| 102 |
|
|
|a RU
|
| 200 |
1 |
|
|a О семантике прилагательных FRESH и NEW
|f А. П. Овчинникова
|
| 320 |
|
|
|a Библиогр.: 2 назв.
|
| 463 |
|
0 |
|0 (RuTPU)RU\TPU\book\60261
|t Коммуникативные аспекты языка и культуры
|o Сборник научных статей и тезисов II Межвузовской научно-практической конференции студентов, аспирантов и молодых ученых, Томск
|f Томский политехнический университет; Институт языковой коммуникации; Под ред. Н. А. Качалова
|v С. 280-281.
|d 2002
|p 407 с.
|
| 610 |
1 |
|
|a лингвистика
|
| 610 |
1 |
|
|a когнитивная лингвистика
|
| 610 |
1 |
|
|a семантика
|
| 610 |
1 |
|
|a прилагательные
|
| 610 |
1 |
|
|a концепт
|
| 610 |
1 |
|
|a значение слова
|
| 610 |
1 |
|
|a труды учёных ТПУ
|
| 700 |
|
1 |
|a Овчинникова
|b А. П.
|
| 801 |
|
1 |
|a RU
|b 63413507
|c 20051124
|g PSBO
|
| 942 |
|
|
|c BK
|